000 00693cam a22002411 4500
001 af 47007115
003 DLC
005 20260227110840.0
008 960213s1945 fr 000 1 fre c
010 _aaf 47007115
035 _a(OCoLC)34181014
040 _aHarvard Univ. Library
_cLU
_dDLC
041 1 _afre
_hdan
042 _apremarc
050 0 0 _aPT8123.B3
_bH93
100 1 _aBang, Herman,
_d1857-1912.
245 1 3 _aLa maison blanche, La maison grise;
_broman,
_ctr. du danois par T. Hammar. Préf. de Lucien Maury.
246 3 _aMaison grise
260 _aParis,
_bStock
_c[1945]
300 _a251 p.
_c19 cm.
440 0 _aCollection scandinave
700 1 _aHammar, Thekla,
_etr.
999 _c3842
_d3842